000 00541nam a2200217Ia 4500
003 OSt
005 20220924134328.0
006 a|||||r|||| 00| 0
007 ta
008 220923b |||||||| |||| 00| 0 snd d
024 _a273489
037 _cTextual
040 _aARTS
_cARTS
_bsnd
041 _2snd
_asnd
082 _aO1593,6NSAx, K2:K7
100 _aSadwani
_9208360
245 0 _aMunhan ja chond mazmoon
260 _c1962
942 _hO1593,6NSAx, K2:K7
_cTEXL
_2CC
999 _c437051
_d437051